| 000 | 004650000a22001810004500 | ||
|---|---|---|---|
| 003 | MACL | ||
| 005 | 20160113170828.0 | ||
| 008 | 160113b xxu||||| |||| 00| 0 eng d | ||
| 040 |
_aMACL _cMACL |
||
| 041 | _aEnglish | ||
| 082 | _a954/NEH | ||
| 100 |
_aNehru, Jawaharlal _93957 |
||
| 245 | _aHealth in Independent india | ||
| 260 |
_bMinistory of Information and Broadcasting _aNew Delhi |
||
| 350 | _a16 | ||
| 650 |
_aHistory _932073 |
||
| 942 |
_cBK _k954/Neh _2ddc |
||
| 999 |
_c36005 _d36005 |
||